Central Library OPAC University of Rajshahi

Lunge and Keane's Technical methods of chemical analysis / (Record no. 9679)

MARC details
000 -LEADER
fixed length control field 01085cam a2200337I 4500
001 - CONTROL NUMBER
control field 9679
003 - CONTROL NUMBER IDENTIFIER
rucl marc code BD-RjUL
005 - DATE AND TIME OF LATEST TRANSACTION
control field 20211208234822.0
008 - FIXED-LENGTH DATA ELEMENTS--GENERAL INFORMATION
fixed length control field 210114s1924 enk 000 0 eng c
029 1# - (OCLC)
OCLC library identifier AU@
System control number 000028245372
035 ## - SYSTEM CONTROL NUMBER
System control number BD-RjUL
040 ## - CATALOGING SOURCE
Original cataloging agency Library, U.S. Dept. of Agriculture
Transcribing agency OCP
Modifying agency OCL
-- OCLCQ
-- OCLCG
-- BD-RjUL
Language of cataloging eng
041 ## - LANGUAGE CODE
Language code of text/sound track or separate title eng
082 ## - DEWEY DECIMAL CLASSIFICATION NUMBER
Classification number 543
Author mark and year LUN 1924
090 ## - LOCALLY ASSIGNED LC-TYPE CALL NUMBER (OCLC); LOCAL CALL NUMBER (OCLC)
Classification number (OCLC) (R) ; Classification number, CALL (RLIN) (NR) TP161.L922 1924x
092 ## - LOCALLY ASSIGNED DEWEY CALL NUMBER (OCLC)
Item number 24.1
100 1# - MAIN ENTRY--PERSONAL NAME
Personal name Lunge, Georg,
Dates associated with a name 1839-1923.
9 (RLIN) 29935
245 10 - TITLE STATEMENT
Title Lunge and Keane's Technical methods of chemical analysis /
Name of part/section of a work VOLUME I
250 ## - EDITION STATEMENT
Edition statement 2d ed.,
260 ## - PUBLICATION, DISTRIBUTION, ETC. (IMPRINT)
Place of publication, distribution, etc. London [etc.]
Name of publisher, distributor, etc. Gurney and Jackson,
Date of publication, distribution, etc. 1924.
300 ## - PHYSICAL DESCRIPTION
Pagination 1v.,xx,702p.:
Illustrations illus.;
Size 25 cm.
504 ## - BIBLIOGRAPHY, ETC. NOTE
Bibliography, etc "Literature" at end of each chapter.
650 #0 - SUBJECT ADDED ENTRY--TOPICAL TERM
Topical term or geographic name as entry element Chemistry, Analytic.
9 (RLIN) 29936
Topical term or geographic name as entry element Chemistry, Technical.
9 (RLIN) 29937
700 1# - ADDED ENTRY--PERSONAL NAME
Personal name Keane, Charles A.
Personal name Thorne, P. C. L.
Fuller form of name (Percy Cyril Lesley)
942 ## - ADDED ENTRY ELEMENTS (KOHA)
Source of classification or shelving scheme Dewey Decimal Classification
Koha item type Books
949 #0 - LOCAL PROCESSING INFORMATION (OCLC)
a x
b LSA
c OCC
g v.1,
o 0
p 39080031236224
v v.1
x 15
h TP161.L922 1924x
Holdings
Lost status Source of classification or shelving scheme Damaged status Not for loan Collection code Permanent Location Current Location Shelving location Date acquired Source of acquisition Cost, normal purchase price Total Checkouts Full call number Date last seen Copy number Koha item type
  Dewey Decimal Classification     Non-fiction Central Library, University of Rajshahi Central Library, University of Rajshahi Reading Room 18/09/1957 Pak American commercial 51.30   543 LUN 1924 21/01/2014 C-1 Books